000 05521nam a22005417a 4500
005 20110121122946.0
010 _aENG-101929 B-457064-083
020 _a9780198071488
_c695.00
020 _a0198071485
_c695.00
035 _aEN-85462 B-457064-083
037 _bDBAD/PUB
037 _bK.K.Pub/Ven
082 0 0 _a305.56880954127
_222
100 1 _aShah, Alpa
_d1976-
_951440
245 1 0 _aIn the shadows of the state :
_bindigenous politics, environmentalism, and insurgency in Jharkhand, India /
_cby Alpa Shah
260 _aNew Delhi
_bOxford University Press
_c2011
270 _aYMCA Library Building, Jai Singh Road
_bNew Delhi
_e110001
300 _axiii, 273 p. :
_bill., map
_c23cm (Hb)
500 _aIncludes bibliographical references (p. [237]-261) and index.
505 0 _aThe dark side of indigeneity -- Not just ghosts : democracy as sacral polity -- Shadowy practices : development as corruption -- Dangerous silhouettes : elephants, sacrifice, and alcohol -- Night escape : eco-incarceration, purity, and sex -- The terror within : revolution against the state?.
650 0 _aAdivasis
_zIndia
_zJharkhand
_xSocial conditions.
_951441
650 0 _aAdivasis
_zIndia
_zJharkhand
_xEconomic conditions.
_951442
650 0 _aAdivasis
_zIndia
_zJharkhand
_xPolitics and government.
_951443
942 _2ddc
_cEN
_h305.56880954127
_mSAH
999 _c50006
_d50006